[Event "Late Summer tourney 2008"]
[Site "SchemingMind.com"]
[Date "2008.08.21"]
[Round "-"]
[White "drowzee1872"]
[Black "capablanca"]
[Result "1-0"]
[WhiteCountry "WLS"]
[BlackCountry "GER"]
[WhiteElo "1342"]
[WhiteRD "111"]
[BlackElo "1664"]
[BlackRD "52"]
[GameID "168053"]

1. e4 e5 2. Nf3 Nc6 3. Bc4 Bc5 4. c3 Nf6 5. d4 exd4 6. cxd4 Bb4+ 7. Nc3 O-O 8. e5 Ne4 9. O-O Nxc3 10. bxc3 Bxc3
11. Rb1 b6 12. Bd3 Bb7 13. Bxh7+ Kxh7 14. Ng5+ Kg6 15. Qd3+ f5 16. exf6+ Kxf6 17. Qxc3 d5 18. Nh7+ Ke6 19. Re1+ Kd6 20. Nxf8 Qxf8
21. Ba3+
1-0

[Event "Late Summer tourney 2008"]
[Site "SchemingMind.com"]
[Date "2008.08.21"]
[Round "-"]
[White "Kobiahshi"]
[Black "capablanca"]
[Result "0-1"]
[WhiteCountry "USA"]
[BlackCountry "GER"]
[WhiteElo "1602"]
[WhiteRD "111"]
[BlackElo "1652"]
[BlackRD "52"]
[GameID "168054"]

1. e4 e5 2. Bc4 Nf6 3. d3 Bc5 4. Nc3 d6 5. f4 exf4 6. Bxf4 Nc6 7. Nge2 Bg4 8. Rf1 Nd4 9. h3 Bxe2 10. Nxe2 O-O
11. Nxd4 Bxd4 12. c3 Be5 13. Qf3 Bxf4 14. Qxf4 Qd7 15. O-O-O b5 16. Bb3 a5 17. Bd5 Nxd5 18. exd5 b4 19. c4 Qa4 20. Kb1 b3
21. a3 Qd7 22. Qd4 c5 23. Qc3 a4 24. Rf4 Rfe8 25. Rg4 f6 26. Qxf6 Qxg4 27. hxg4 gxf6 28. Kc1 Re2 29. Rg1 Rae8 30. g3 Rc2+
31. Kb1 Ree2 32. Ka1 Rxb2 33. Rf1 Ra2+ 34. Kb1 Reb2+
0-1

[Event "Late Summer tourney 2008"]
[Site "SchemingMind.com"]
[Date "2008.08.21"]
[Round "-"]
[White "Sixmax"]
[Black "capablanca"]
[Result "1-0"]
[WhiteCountry "DEN"]
[BlackCountry "GER"]
[WhiteElo "2106"]
[WhiteRD "84"]
[BlackElo "1715"]
[BlackRD "53"]
[GameID "168055"]

1. c4 c5 2. Nc3 Nc6 3. g3 g6 4. Bg2 Bg7 5. e4 Nd4 6. Nf3 e6 7. Nxd4 Bxd4 8. Nb5 Be5 9. f4 Bb8 10. d4 a6
11. Nc3 cxd4 12. Qxd4 Ba7 13. Qxh8
1-0

[Event "Late Summer tourney 2008"]
[Site "SchemingMind.com"]
[Date "2008.08.21"]
[Round "-"]
[White "Holy Hippo"]
[Black "capablanca"]
[Result "1/2-1/2"]
[WhiteCountry "USA"]
[BlackCountry "GER"]
[WhiteElo "1642"]
[WhiteRD "190"]
[BlackElo "1664"]
[BlackRD "52"]
[GameID "168056"]

1. e4 e5 2. Ne2 Nf6 3. f4 Nxe4 4. d3 Nc5 5. Nbc3 exf4 6. Bxf4 d6 7. Ng3 g6 8. Be2 Bg7 9. O-O O-O 10. Qd2 Nc6
11. Nd5 Bxb2 12. Rae1 Be6 13. c3 Bxd5 14. Qxb2 Ne5 15. d4 Ned3 16. Qa1 Nxe1 17. dxc5 Nc2 18. Qb2 dxc5 19. c4 Nd4 20. cxd5 Qxd5
21. Bh6 Rfe8 22. Kh1 b6 23. Bf3 Qe6 24. Bxa8 Rxa8 25. h4 Qg4 26. Qf2 Qxh4+ 27. Kg1 Qxh6 28. Qxf7+ Kh8 29. Qxc7 Qe3+ 30. Kh2 Qh6+=
31. Kg1 Qe3+ 32. Kh2 Qh6+ 33. Kg1 Qe3+ 34. Kh2
1/2-1/2

[Event "Late Summer tourney 2008"]
[Site "SchemingMind.com"]
[Date "2008.08.22"]
[Round "-"]
[White "staunton64"]
[Black "lame wolf"]
[Result "1-0"]
[WhiteCountry "FRA"]
[BlackCountry "INT"]
[WhiteElo "1571"]
[WhiteRD "279"]
[BlackElo "1062"]
[BlackRD "47"]
[GameID "168077"]

1. c4 c5 2. g3 d5 3. cxd5 Qxd5 4. Nf3 g6 5. Bg2 Bg7 6. Nc3 Bxc3 7. bxc3 f6 8. O-O e6 9. Bb2 Ne7 10. d3 O-O
11. c4 Qd7 12. Qd2 b6 13. Ne5 fxe5 14. Bxa8 b5 15. Bxe5 Nbc6 16. Bxc6 Qxc6 17. cxb5 Qxb5 18. Rab1 Qd7 19. Rfc1 Kf7 20. Rxc5 Nc6
21. Rbc1 Qb7 22. Rxc6 Bd7 23. Rc7 Qb5 24. Rxd7+ Qxd7 25. Rc7
1-0

[Event "Late Summer tourney 2008"]
[Site "SchemingMind.com"]
[Date "2008.08.21"]
[Round "-"]
[White "staunton64"]
[Black "capablanca"]
[Result "0-1"]
[WhiteCountry "FRA"]
[BlackCountry "GER"]
[WhiteElo "1613"]
[WhiteRD "134"]
[BlackElo "1664"]
[BlackRD "52"]
[GameID "168078"]

1. c4 c5 2. g3 Nf6 3. Nc3 g6 4. Bg2 Nc6 5. e3 Bg7 6. Nge2 O-O 7. O-O b6 8. d4 cxd4 9. exd4 Bb7 10. Be3 Rb8
11. Qd2 a6 12. Bh6 e6 13. Bxg7 Kxg7 14. Rfe1 Ne7 15. Nf4 Bxg2 16. Kxg2 d5 17. cxd5 Nexd5 18. Rac1 Nxc3 19. bxc3 Nd5 20. c4 Nxf4+
21. Qxf4 Qd7 22. Red1 Rfd8 23. d5 exd5 24. Rxd5 Qc6 25. f3 Rxd5 26. cxd5 Qxd5 27. Qxb8 Qd2+ 28. Kh3 Qxc1 29. Qxb6 Qf1+ 30. Kg4 h5+
31. Kf4 Qc1+ 32. Ke4 Qc2+ 33. Ke3 Qxa2 34. Qd4+ Kh7 35. Qf6 a5 36. h4 Qe6+ 37. Qxe6 fxe6 38. Kd4 Kg7 39. Ke5 a4 40. Kd4 Kf6
41. Kc4 Ke5
0-1

[Event "Late Summer tourney 2008"]
[Site "SchemingMind.com"]
[Date "2008.08.21"]
[Round "-"]
[White "staunton64"]
[Black "Archon"]
[Result "0-1"]
[WhiteCountry "FRA"]
[BlackCountry "CAN"]
[WhiteElo "1704"]
[WhiteRD "103"]
[BlackElo "1718"]
[BlackRD "54"]
[GameID "168079"]

1. c4 e5 2. Nc3 d6 3. g3 f5 4. e3 Nf6 5. Bg2 Be7 6. Nge2 O-O 7. O-O Nc6 8. d4 Qe8 9. a3 Qh5 10. Nd5 f4
11. exf4 Ng4 12. h3 Nf6 13. Nxc7 Bxh3 14. Nxa8 Ng4 15. f3 Bxg2 16. fxg4 Qh1+ 17. Kf2 Qh2 18. Ke3 exd4+ 19. Kd3 Bxf1 20. Qxf1 Rxa8
21. Bd2 Re8 22. Qf3 Qh6 23. Nxd4 Nxd4 24. Kxd4 Bf6+ 25. Kd3 Bxb2 26. Rh1 Qf6 27. Qd5+ Kh8 28. Qh5 Qd4+ 29. Kc2 Qxc4+ 30. Kb1 Qd3+
31. Ka2 Qxa3+ 32. Kb1 Qa1+ 33. Kc2 Rc8+ 34. Kd3 Qa3+ 35. Ke2 Qa6+ 36. Kd1 Qa4+ 37. Ke2 Re8+ 38. Kf2 Qd4+ 39. Kf1 Qd3+ 40. Kg1 Bd4+
41. Kg2 Qxd2+ 42. Kh3 Qe2 43. Rh2 Qf1+ 44. Kh4 Qe1 45. g5 g6 46. Qf3 Qe6 47. Qxb7 h5 48. Qf3 Qg4+ 49. Qxg4 hxg4 50. Kxg4+ Kg7
51. Rc2 Re7 52. Rd2 Bc5 53. Rd5 a5 54. f5 gxf5+ 55. Rxf5 a4 56. Rf3 a3 57. Rc3 Ra7
0-1

[Event "Late Summer tourney 2008"]
[Site "SchemingMind.com"]
[Date "2008.08.21"]
[Round "-"]
[White "staunton64"]
[Black "aston294"]
[Result "1-0"]
[WhiteCountry "FRA"]
[BlackCountry "ENG"]
[WhiteElo "1704"]
[WhiteRD "103"]
[BlackElo "1062"]
[BlackRD "68"]
[GameID "168080"]

1. c4 c5 2. Nc3 Nf6 3. g3 Nc6 4. Bg2 Nd4 5. e3 Nc6 6. Nge2 d6 7. O-O b6 8. Bxc6+ Bd7 9. Bxa8 Qxa8 10. f3 d5
11. cxd5 Nxd5 12. Kg2 Nb4 13. Nf4 g5 14. a3 Nc6 15. Nfe2 Bf5 16. e4 Be6 17. d4
1-0

[Event "Late Summer tourney 2008"]
[Site "SchemingMind.com"]
[Date "2008.08.21"]
[Round "-"]
[White "staunton64"]
[Black "Roger Videa"]
[Result "1-0"]
[WhiteCountry "FRA"]
[BlackCountry "NCA"]
[WhiteElo "1613"]
[WhiteRD "134"]
[BlackElo "1395"]
[BlackRD "95"]
[GameID "168081"]

1. c4 e5 2. Nc3 Nf6 3. g3 d5 4. cxd5 Nxd5 5. Bg2 Nf6 6. e3 Bb4 7. Nge2 Bg4 8. h3 Bh5 9. O-O c6 10. Qb3 Na6
11. a3 Bxc3 12. Nxc3 b5 13. Bxc6+ Nd7 14. Bxa8 Qxa8 15. Qd5 Qxd5 16. Nxd5 Ndc5 17. d4 exd4 18. exd4 Nb3 19. Re1+ Kf8 20. Bf4 Nxa1
21. Bd6+
1-0

[Event "Late Summer tourney 2008"]
[Site "SchemingMind.com"]
[Date "2008.08.21"]
[Round "-"]
[White "staunton64"]
[Black "drowzee1872"]
[Result "1-0"]
[WhiteCountry "FRA"]
[BlackCountry "WLS"]
[WhiteElo "1704"]
[WhiteRD "103"]
[BlackElo "1348"]
[BlackRD "105"]
[GameID "168082"]

1. c4 Nf6 2. Nc3 b6 3. Nf3 Bb7 4. g3 e6 5. Bg2 Be7 6. O-O c5 7. e3 O-O 8. Re1 d5 9. d4 dxc4 10. Ne5 Bxg2
11. Kxg2 Nd5 12. e4 Nxc3 13. bxc3 f6 14. Nxc4 cxd4 15. cxd4 Nc6 16. Be3 Bb4 17. Re2 Bc3 18. Rc1 Bxd4 19. Rd2 e5 20. Qb3 Rf7
21. f4 Qc7 22. Na3 Bxe3 23. Qxe3 exf4 24. gxf4 Re8 25. Rdc2 Re6 26. Nb5 Qc8 27. Nd4 Ree7 28. Rxc6 Qb7 29. Ne6 f5 30. Rc8+
1-0

[Event "Late Summer tourney 2008"]
[Site "SchemingMind.com"]
[Date "2008.08.25"]
[Round "-"]
[White "staunton64"]
[Black "Kobiahshi"]
[Result "1-0"]
[WhiteCountry "FRA"]
[BlackCountry "USA"]
[WhiteElo "1702"]
[WhiteRD "87"]
[BlackElo "1656"]
[BlackRD "86"]
[GameID "168083"]

1. c4 Nc6 2. Nc3 e5 3. e3 Nf6 4. g3 Bc5 5. Nge2 d5 6. d4 Be7 7. Bg2 Bb4 8. O-O Be6 9. cxd5 Nxd5 10. a3 Be7
11. h3 O-O 12. e4 Nf6 13. d5 Bd7 14. dxc6 Bxc6 15. Nd5 Nxd5 16. exd5 Bb5 17. Re1 Bd6 18. Nc3 Bd7 19. Qc2 Re8 20. Ne4 Bf5
21. b4 Rb8 22. Qe2 Be7 23. Bb2 f6 24. Rad1 Qc8 25. Kh2 a6 26. Rd2 Rd8 27. Red1 Bd7 28. Qe3 Ba4 29. Rc1 Qd7 30. Nc5 Bxc5
31. bxc5 Bb3 32. Qxb3 Qf7 33. Qd3 Kh8 34. d6 cxd6 35. cxd6 Rd7 36. Rc7 Rxc7 37. dxc7 Qxc7 38. Rc2 Qf7 39. Qd6 Re8 40. Bd5 Qf8
41. Qxf8+ Rxf8 42. Rc7 h6 43. Bxb7 Rb8 44. Rc8+ Rxc8 45. Bxc8 a5 46. Bc3 Kg8 47. Bxa5 Kf8 48. Bb7 Ke8 49. Bd5 Kd7 50. Bb4 Ke8
51. a4 Kd8 52. a5 Kc8 53. Bf8 g5 54. Bxh6 Kb8 55. Bg7 Ka7 56. Bxf6 Ka6 57. Bxe5 Kxa5 58. Bf6 Kb5 59. Bxg5 Kc5 60. Ba2 Kd6
61. Bf6 Kd7 62. h4 Ke8 63. h5 Kf8 64. h6
1-0

[Event "Late Summer tourney 2008"]
[Site "SchemingMind.com"]
[Date "2008.08.21"]
[Round "-"]
[White "staunton64"]
[Black "Sixmax"]
[Result "0-1"]
[WhiteCountry "FRA"]
[BlackCountry "DEN"]
[WhiteElo "1704"]
[WhiteRD "103"]
[BlackElo "2197"]
[BlackRD "76"]
[GameID "168084"]

1. c4 e5 2. g3 Nf6 3. Nc3 Bb4 4. Bg2 O-O 5. e3 Nc6 6. Nge2 d6 7. O-O Bf5 8. a3 Bxc3 9. Nxc3 Bd3 10. Re1 Bxc4
11. d3 Be6 12. h3 Na5 13. b4 Nb3 14. Rb1 Nxc1 15. Rxc1 c6 16. d4 Qb6 17. dxe5 dxe5 18. Qc2 Rac8 19. Na4 Qa6 20. Ra1 b6
21. Nb2 c5 22. Bf1 Qb7 23. Rec1 cxb4 24. Qa4 b3 25. Bc4 Rxc4 26. Rxc4 Qf3 27. Qc6 Bd5
0-1

[Event "Late Summer tourney 2008"]
[Site "SchemingMind.com"]
[Date "2008.08.21"]
[Round "-"]
[White "staunton64"]
[Black "Holy Hippo"]
[Result "1/2-1/2"]
[WhiteCountry "FRA"]
[BlackCountry "USA"]
[WhiteElo "1613"]
[WhiteRD "134"]
[BlackElo "1642"]
[BlackRD "190"]
[GameID "168085"]

1. c4 Nf6 2. Nc3 Nc6 3. g3 e5 4. Bg2 Bc5 5. e3 d5 6. cxd5 Nb4 7. d4 exd4 8. exd4 Be7 9. Nge2 Nbxd5 10. O-O O-O
11. Nf4 c6 12. Re1 Bb4 13. Bd2 Nxf4 14. Bxf4 Bg4 15. Qb3 Qxd4 16. Be3 Qd6 17. Bf4 Qc5 18. Rac1 Be6 19. Qc2 Bxc3 20. Qxc3 Qxc3
21. Rxc3 Nd5 22. Bxd5 Bxd5 23. b3 h6 24. Re7 Rfe8 25. Rce3 Rxe7 26. Rxe7 b6 27. Kf1 Kf8 28. Bd6 Rd8 29. Rd7+ Ke8 30. Re7+ Kf8
31. Rd7+ Ke8=
1/2-1/2

[Event "Late Summer tourney 2008"]
[Site "SchemingMind.com"]
[Date "2008.08.22"]
[Round "-"]
[White "lame wolf"]
[Black "staunton64"]
[Result "0-1"]
[WhiteCountry "INT"]
[BlackCountry "FRA"]
[WhiteElo "1062"]
[WhiteRD "47"]
[BlackElo "1571"]
[BlackRD "279"]
[GameID "168086"]

1. g4 e5 2. g5 Qxg5 3. d3 Qd8 4. Bg2 Nc6 5. e4 Nf6 6. f4 d5 7. fxe5 Nxe5 8. Bg5 Be7 9. Bxf6 Bxf6 10. c3 O-O
11. d4 Bg4 12. Ne2 Nc4 13. Qc2 Ne3 14. Rg1 Nxc2+
0-1

[Event "Late Summer tourney 2008"]
[Site "SchemingMind.com"]
[Date "2008.08.22"]
[Round "-"]
[White "capablanca"]
[Black "staunton64"]
[Result "1-0"]
[WhiteCountry "GER"]
[BlackCountry "FRA"]
[WhiteElo "1664"]
[WhiteRD "52"]
[BlackElo "1613"]
[BlackRD "134"]
[GameID "168087"]

1. e4 c5 2. Nf3 Nc6 3. d4 cxd4 4. Nxd4 d6 5. Nc3 Nf6 6. f3 e6 7. Be3 a6 8. Bd3 Be7 9. Qd2 Bd7 10. O-O-O O-O
11. g4 b5 12. Kb1 Nxd4 13. Bxd4 e5 14. Be3 Rc8 15. g5 Ne8 16. h4 Be6 17. Be2 g6 18. Nd5 Bxd5 19. Qxd5 Nc7 20. Qd2 Ne6
21. h5 Nxg5 22. hxg6 hxg6 23. Qe1 Nh7 24. Qg3 f6 25. Qxg6+
1-0

[Event "Late Summer tourney 2008"]
[Site "SchemingMind.com"]
[Date "2008.08.22"]
[Round "-"]
[White "Archon"]
[Black "staunton64"]
[Result "1-0"]
[WhiteCountry "CAN"]
[BlackCountry "FRA"]
[WhiteElo "1740"]
[WhiteRD "56"]
[BlackElo "1613"]
[BlackRD "134"]
[GameID "168088"]

1. Nf3 c5 2. c4 Nc6 3. g3 Nf6 4. Bg2 e6 5. Nc3 Be7 6. O-O O-O 7. d4 d5 8. cxd5 exd5 9. Be3 cxd4 10. Nxd4 a6
11. Nxc6 bxc6 12. Rc1 Rb8 13. Na4 Bd7 14. b3 Rb5 15. Nc5 Be6 16. Rc2 Kh8 17. Bd4 a5 18. Qc1 Bd6 19. Qb2 h5 20. Rfc1 Bf5
21. Nd3 Kh7 22. Bxf6 gxf6 23. Rxc6 Bxd3 24. exd3 Be5 25. Qc2 h4 26. d4+ Kh8 27. dxe5 hxg3 28. hxg3 fxe5 29. Rh6+ Kg7 30. Qh7#
1-0

[Event "Late Summer tourney 2008"]
[Site "SchemingMind.com"]
[Date "2008.08.22"]
[Round "-"]
[White "aston294"]
[Black "staunton64"]
[Result "0-1"]
[WhiteCountry "ENG"]
[BlackCountry "FRA"]
[WhiteElo "1062"]
[WhiteRD "68"]
[BlackElo "1704"]
[BlackRD "103"]
[GameID "168089"]

1. e4 c5 2. Nc3 Nc6 3. Nf3 Nf6 4. Ng5 e6 5. Nb5 d5 6. exd5 Nxd5 7. Bc4 a6 8. Nc3 Qxg5 9. h4 Qxg2 10. Rf1 Be7
11. Qe2 Nd4 12. Qe4 Qxe4+ 13. Nxe4 Nxc2+ 14. Kd1 Nxa1 15. Rg1 O-O 16. b3 b5
0-1

[Event "Late Summer tourney 2008"]
[Site "SchemingMind.com"]
[Date "2008.08.22"]
[Round "-"]
[White "Roger Videa"]
[Black "staunton64"]
[Result "0-1"]
[WhiteCountry "NCA"]
[BlackCountry "FRA"]
[WhiteElo "1396"]
[WhiteRD "82"]
[BlackElo "1713"]
[BlackRD "97"]
[GameID "168090"]

1. d4 Nf6 2. Nc3 e6 3. e4 Bb4 4. Bd2 O-O 5. e5 Bxc3 6. Bxc3 Nd5 7. Bd2 f5 8. f4 Nc6 9. Nf3 Nce7 10. c4 Nb6
11. a4 d6 12. a5 Nd7 13. b4 b6 14. a6 c5 15. bxc5 dxc5 16. Ng5 Nb8 17. Be3 Nxa6 18. Rxa6 Bxa6 19. Nxe6 Qd7 20. Nxf8 Rxf8
21. d5 Bb7 22. Be2 Rc8 23. e6 Qd6 24. Bf3 Ba6 25. Qa4 Bb7 26. Qxa7 Rb8 27. O-O h6 28. Rb1 Bc8 29. g3 Bb7
0-1

[Event "Late Summer tourney 2008"]
[Site "SchemingMind.com"]
[Date "2008.08.22"]
[Round "-"]
[White "drowzee1872"]
[Black "staunton64"]
[Result "0-1"]
[WhiteCountry "WLS"]
[BlackCountry "FRA"]
[WhiteElo "1342"]
[WhiteRD "111"]
[BlackElo "1613"]
[BlackRD "134"]
[GameID "168091"]

1. e4 c5 2. d4 cxd4 3. Nf3 Nc6 4. Bc4 e6 5. c3 Nf6 6. Nbd2 dxc3 7. bxc3 d5 8. exd5 exd5 9. Qe2+ Be7 10. Bb5 O-O
11. O-O a6 12. Ba4 Bg4 13. Qd3 Re8 14. Bc2 Bd6 15. Bb2 Ne4 16. Qxd5 Bxh2+ 17. Nxh2 Qxd5 18. Nxe4 Rxe4 19. Bxe4 Qxe4 20. f3 Qe3+
21. Kh1 Be6 22. Rfe1 Qd2 23. Rab1 Qd5 24. a3 h6 25. Rbd1 Qb5 26. Rd2 Rd8 27. Rxd8+ Nxd8 28. Nf1 Qxb2 29. Kg1 Qxc3
0-1

[Event "Late Summer tourney 2008"]
[Site "SchemingMind.com"]
[Date "2008.08.25"]
[Round "-"]
[White "Kobiahshi"]
[Black "staunton64"]
[Result "0-1"]
[WhiteCountry "USA"]
[BlackCountry "FRA"]
[WhiteElo "1656"]
[WhiteRD "86"]
[BlackElo "1702"]
[BlackRD "87"]
[GameID "168092"]

1. d4 Nf6 2. c4 e6 3. Nc3 Bb4 4. e3 Bxc3+ 5. bxc3 b6 6. Bd3 Bb7 7. Nf3 O-O 8. O-O Nc6 9. e4 d6 10. Bb2 Na5
11. d5 e5 12. Re1 Ba6 13. Qe2 Qd7 14. Ng5 Qg4 15. Bc1 Qxe2 16. Rxe2 Nxc4 17. Be3 Nxe3 18. Bxa6 Neg4 19. h3 Nh6 20. c4 Nd7
21. Bb7 Rab8 22. Bc6 Nc5 23. Re3 f5 24. exf5 Nxf5 25. Ra3 a5 26. Rc3 Ne7 27. Ne6 Rxf2 28. Rg3 Rf7 29. Nxc7 Ne4 30. Re3 Nd2
31. Na6 Rbf8 32. Bd7 Rf1+ 33. Rxf1 Rxf1+ 34. Kh2 Nxc4 35. Be6+ Kf8 36. Rc3 Rf4 37. Nb8 g6 38. Nd7+ Kg7 39. Nb8 b5 40. Na6 Rf2
41. a3 Nf5 42. Bxf5 gxf5 43. Nc7 Rd2 44. a4 Nb6 45. Ne8+ Kg6 46. Rc6 Nxa4 47. Nxd6 Rxd5 48. Nxb5+ Kg5 49. Na3 Nb2 50. Rc7 h5
51. Rg7+ Kh6 52. Rg8 e4 53. Rh8+ Kg6 54. Nc2 Nd1 55. Rg8+ Kh7 56. Re8 Rd2 57. Re7+ Kg6 58. Re6+ Kg5 59. h4+ Kxh4 60. Na3 Ne3
61. Rg6 Ng4+ 62. Kg1 Rd1#
0-1

[Event "Late Summer tourney 2008"]
[Site "SchemingMind.com"]
[Date "2008.08.21"]
[Round "-"]
[White "Sixmax"]
[Black "staunton64"]
[Result "1-0"]
[WhiteCountry "DEN"]
[BlackCountry "FRA"]
[WhiteElo "2197"]
[WhiteRD "76"]
[BlackElo "1704"]
[BlackRD "103"]
[GameID "168093"]

1. e4 c5 2. c3 d5 3. exd5 Qxd5 4. Nf3 Nc6 5. d4 cxd4 6. cxd4 Nf6 7. Nc3 Qd8 8. d5 Nb8 9. Be3 g6 10. Bb5+ Bd7
11. Qb3 Bg7 12. Bc4 O-O 13. Qxb7 Na6 14. Qxa6 Qc7 15. O-O Rfc8 16. Bd3 e5 17. d6 Qc6 18. Nxe5 Qxa6 19. Bxa6 Re8 20. Nxd7 Nxd7
21. Rfd1 Rab8 22. Rab1 Re6 23. Bxa7 Ra8 24. Nb5 Be5 25. Bb7 Rd8 26. b4 Nf8 27. Bd5 Rf6 28. Bc5 Kg7 29. a4 Nd7 30. a5
1-0

[Event "Late Summer tourney 2008"]
[Site "SchemingMind.com"]
[Date "2008.08.22"]
[Round "-"]
[White "Holy Hippo"]
[Black "staunton64"]
[Result "1-0"]
[WhiteCountry "USA"]
[BlackCountry "FRA"]
[WhiteElo "1780"]
[WhiteRD "105"]
[BlackElo "1704"]
[BlackRD "103"]
[GameID "168094"]

1. e4 c5 2. b4 b6 3. bxc5 bxc5 4. Nc3 Nc6 5. Rb1 Nf6 6. Nf3 d6 7. Bb5 Bd7 8. O-O e6 9. Ba3 Be7 10. Re1 O-O
11. d4 cxd4 12. Nxd4 Nxd4 13. Bxd7 Qxd7 14. Qxd4 Rab8 15. e5 Rxb1 16. Rxb1 Ne8 17. exd6 Nxd6 18. Ne4 Rd8 19. Nxd6 Bxd6 20. Bxd6 f6
21. Rd1 Qc6 22. h3 Rd7 23. c4 Kf7 24. c5 g6 25. g4 a6 26. f4 Qf3 27. Qd3 Qc6 28. g5 Qd5 29. Qxd5 exd5 30. Rxd5 Ke6
31. Rd3 fxg5 32. fxg5 Kf5 33. c6 Rd8 34. c7 Rc8 35. Bh2 Ke4 36. Rd8
1-0